000 00838nam a22002535i 4500
001 18657
003 ES-MaACL
005 20250730153543.0
007 t|
008 020204s1994 sp ||||0| spa j
020 _a84-88306-20-2
040 _aM-BN
_bspa
_cM-BN
080 _a98(=60)"1492/1600"
245 0 0 _aDescubrimiento de América del IV al VI centenario /
_cSalvador Bernabeu Albert ... [et al.].
260 _aMadrid :
_bFundación Cánovas del Castillo,
_c1994.
300 _a2 v ;
_c21 cm.
490 1 _aVeintiuno
651 4 _aAmérica española-
_xHistoria-
_y1492-1600 (Descubrimiento y conquista)
_97724
700 1 _aBernabéu Albert, Salvador.
_928162
710 2 _aFundación Cánovas del Castillo.
_94244
830 0 _aVeintiuno
_9180481
852 _aES-MaACL
_jL-25232-3
_bR.130726
999 _c18657
_d18657